000 00695nam a2200217Ia 4500
005 20250507130107.0
008 008 250505s9999 xx 000 0 eng d
020 _a9780521898102
037 _aBound Volumes
040 _aEASL
_beng
_cEASL
041 _aeng
_2eng
084 _aX:326.41, P8
_qEASL
100 _aHuang Yasheng
245 0 _aCaptitalism with Chinese Charateristics: Enterreneurship and the State
260 _aUSA
_bCambrige Cambrige University Press U.S.A
_c2008
300 _axviii,348p.
490 _vCEL
650 _aCEL; Rural Industries - China; China - Economic Policy
_9754965
942 _cCR
_hX:326.41, P8
999 _c1317647
_d1317647